01150 a2200205 45000010006000000050017000060080041000230030015000640400040000790800034001192450037001530200022001902640041002123000038002535050503002910410008007941000026008027000021008288560095008494326720260407155716.0260407a2016 arg spa dAR-UNSa-BCEJYS aAR-UNSa-BCEJYSbspacAR-UNSa-BCEJYS a342.9xDerecho Administrativo10aDerecho administrativo argentino a978-950-20-2766-1 1aBuenos Aires :bAbeledo Perrotc2016 a3 v. (655 ; 646 ; 787 p.)c25 cm. aVol. I: 1. Introducción a la actividad de la administración pública - 2. Organización administrativa - 3. Los reglamentos - 4. Acto administrativo - 5. El control de la administración pública -- Vol. II: 6. Contratos administrativos - 7. Expropiación - 8. Servicios públicos - 9. Responsabilidad del estado - 10. Régimen de acceso a la información pública -- Vol III: 11. Legitimación administrativa y judicial - 12. Procedimiento administrativo - 13. Proceso administrativo aspa1 aCassagne, Juan Carlos1 aButeler, Alfonso41uhttps://biblioeco.unsa.edu.ar/pmb/images/libros/L126603.jpgyImagen de portadaqimage/jpeg